Word Ladder: Mammals of the Central Rockies Quiz Stats

 Plays Quiz Updated Aug 3, 2014

Support Sporcle.
Go Orange.
Score 0/62 Timer 07:00
1 Play Today
Hint 4-Letter Word % Correct
⧍ Grizzly ____ (Ursus arctos) ⧍BEAR
94.5%
Hops-flavored fermented beverageBEER
92.7%
Shopping complexMALL
91.2%
Not thereHERE
91%
Ditka, Tyson, or MyersMIKE
90.9%
Above average heightTALL
90.8%
Water craftBOAT
90.4%
⧍ White-tailed ____ (Odocoileus virginianus) ⧍DEER
90.2%
Halloween face coveringMASK
90.1%
Imaginative storyTALE
89.9%
Plural past tense of 'be'WERE
89.7%
Donned clothesWORE
89.2%
Partridge treePEAR
89.2%
Letters conveyed by postal systemMAIL
88.9%
Ice skating arenaRINK
88.9%
Without the power of speechMUTE
88.2%
⧍ Snowshoe ____ (Lepus americanus) ⧍HARE
87.8%
Sentence componentWORD
87.7%
Defy or challenge to do somethingDARE
87.2%
Jamaican sprinter UsainBOLT
87.2%
Mend socksDARN
86.3%
Southern comfort food chef PaulaDEEN
86.3%
Very small amountMITE
86.2%
⧍ Mountain cotton____ (Sylvilagus nuttallii) ⧍TAIL
86%
Consider at length, ponder MULL
84.4%
Long-bodied predatory freshwater fish PIKE
84.3%
Existing as a result of birthBORN
83.5%
'Coming Home' and 'Nebraska' actor BruceDERN
83.2%
⧍ Mountain ____ (Oreamnos americanus) ⧍GOAT
83.1%
⧍ ____ deer (Odocoileus hemionus) ⧍MULE
82.3%
Invoke divine blessingPRAY
80.1%
Hint 4-Letter Word % Correct
International System unit of electric potential VOLT
77.5%
Bobby Darin's 1959 knifeMACK
76.9%
Canadian waterbirdLOON
76.2%
Coal miner's daughter LorettaLYNN
76.1%
Tennessee state university, Austin ____PEAY
75.6%
Athletic typeJOCK
74.4%
⧍ Black-tailed ____rabbit (Lepus californicus) ⧍JACK
73.9%
⧍ ____ fox (Urocyon cinereoargenteus) ⧍GRAY
72.6%
Former capital of West GermanyBONN
71.8%
That which is morally rightGOOD
71.3%
Thug, bullyGOON
71.3%
⧍ ____rat (Ondatra zibethicus) ⧍MUSK
70.9%
⧍ Big____ sheep (Ovis canadensis) ⧍HORN
70.7%
⧍ American ____ (Neovison vison) ⧍MINK
70.7%
Sharp stick for driving cattleGOAD
70.1%
Water pipe used for smoking BONG
70%
Skin pustulePOCK
69.8%
Lush daleVALE
69.7%
⧍ Bushy-tailed ____rat (Neotoma cinerea) ⧍WOOD
69.4%
⧍ Montane ____ (Microtus montanus) ⧍VOLE
67.7%
⧍ ____tail (Bassariscus astutus) ⧍RING
67%
⧍ Mountain ____ (Felis concolor) ⧍LION
66.7%
⧍ Colorado chip____ (Neotamias quadrivittatus) ⧍MUNK
65.1%
Matriculator (abbrev.)GRAD
65.1%
May precede roll in NBAPICK
63.6%
⧍ ____-tailed weasel (Mustela frenata) ⧍LONG
58.3%
Pool below waterfall (Scot.)LINN
55.2%
⧍ Canada ____ (____ canadensis, or felis ____) ⧍LYNX
52.7%
Large cod-like fishLING
51.2%
12 point type sizePICA
50%
⧍ American ____ (Ochotona princeps) ⧍PIKA
48.8%

Today's Daily Dose

You're not logged in!

Compare scores with friends on all Sporcle quizzes.
OR
Log In

From the Vault

Remove Ads.
Support Sporcle.
Get the best of Sporcle when you Go Orange. This ad-free experience offers more features, more stats, and more fun while also helping to support Sporcle. Thank you for becoming a member.

Show Comments

Extras

Top Quizzes Today


Score Distribution

Your Account Isn't Verified!

In order to create a playlist on Sporcle, you need to verify the email address you used during registration. Go to your Sporcle Settings to finish the process.

Report this User

Report this user for behavior that violates our Community Guidelines.

Details: